000 00417nam a2200133Ia 4500
008 230922s2008 xx 000 0 und d
020 _a9781420043877
041 _aeng
082 _a615.19
_bWIL
100 _aWilliams, R. O., Traft, D. R.
245 _aAdvanced Drug Formulation Design to Optimize Therapeutic Outcomes Outcomes, Vol. 172
260 _bInforma Healthcare, New York, NY 10017
_c2008
300 _a510p
999 _c876920
_d876920